000 01251nam a22002417a 4500
005 20110329165129.0
008 110329t xxu||||| |||| 00| 0 mar d
010 _aMAR-20677
020 _a9789380361277
_c295.00
035 _aMR-13335
037 _bDBAD / PUB
040 _aDPL
_bMR
100 _aमथाई,कामिनी
_926818
245 _aए. आर. रहमान :
_cकामिनी मथाई : मिलिंद चंपानेरकर द्वारा अनुवादित
_bसंगीतातील वादळ /
246 _aA.R.Rahman : Sangeetatil Vadal
_bby Kamini Mathai
260 _aपुणे
_bरोहन प्रकाशन
_c2010
270 _aधवलगिरी अपार्टमेन्ट्स शॉप 5 व 6 430,शनिवार पेठ पोलिस चौकीसमोर
_bपुणे
_e411030
300 _aपंधरा,324पृ
_c21 सेमी ( अजिल्द)
_bसचित्र
700 _926819
_aचंपानेरकर,मिलिंद
700 _926848
942 _2ddc
_cMR
_mरहमा
999 _c51567
_d51567